000 00649nam a22002417a 4500
003 UA-OsUOA
001 42125
007 ta
008 20061026b un ||||| |||| 00| 0 ukr d
090 _a81.161.2+81.111
_bН34
942 _cBK
040 _aUA-OsUOA
_bukr
_cUA-OsUOA
_dUA-OsUOA
245 _aНаукові записки
300 _a350 с.
955 _a2
041 _aukr
080 _a81.161.2+81.111
020 _a966-7631-70-2
260 _aОстрог
_c2006
246 3 1 _aВип.6
_n
650 7 _a8 Мовознавство. Художня література. Літературознавство
_2UDC
999 _c328256
_d328256